Harry Potter: Most Lines in Every Chapter (Book 3) Quiz Stats

 Plays Quiz Updated Feb 20, 2020

Support Sporcle.
Go Orange.
Score 0/107 Timer 06:00
0 Plays Today
% Correct
Harry Potter
99.8%
Harry Potter
99.8%
Harry Potter
99.8%
Harry Potter
99.8%
Harry Potter
99.8%
Harry Potter
99.8%
Neville Longbottom & Harry Potter
99.8%
Harry Potter
99.8%
Harry Potter
99.8%
Harry Potter
99.8%
Harry Potter
99.8%
Harry Potter
99.8%
Harry Potter
99.8%
Harry Potter
99.8%
Harry Potter
99.8%
Harry Potter
99.8%
Harry Potter
99.8%
Harry Potter
99.8%
Harry Potter
99.8%
Harry Potter
99.8%
Harry Potter
99.8%
Harry Potter
99.8%
Ron Weasley
98.9%
Ron Weasley
98.9%
Ron Weasley
98.9%
Ron Weasley
98.9%
Ron Weasley
98.9%
Ron Weasley
98.9%
Ron Weasley
98.9%
Ron Weasley
98.9%
Ron Weasley
98.9%
Ron Weasley
98.9%
Ron Weasley
98.9%
Ron Weasley
98.9%
Ron Weasley
98.9%
Ron Weasley
98.9%
% Correct
Ron Weasley
98.9%
Hermione Granger
98.6%
Hermione Granger
98.6%
Hermione Granger
98.6%
Hermione Granger
98.6%
Hermione Granger
98.6%
Hermione Granger
98.6%
Hermione Granger
98.6%
Hermione Granger
98.6%
Hermione Granger
98.6%
Hermione Granger
98.6%
Hermione Granger
98.6%
Hermione Granger
98.6%
Hermione Granger
98.6%
Hermione Granger
98.6%
Remus Lupin & Draco Malfoy
97%
Albus Dumbledore
96.2%
Albus Dumbledore
96.2%
Albus Dumbledore
96.2%
Severus Snape
96.1%
Severus Snape
96.1%
Severus Snape
96.1%
Severus Snape
96.1%
Severus Snape
96.1%
Sirius Black
95.5%
Sirius Black
95.5%
Sirius Black
95.5%
Sirius Black
95.5%
Remus Lupin
94.5%
Remus Lupin
94.5%
Remus Lupin
94.5%
Remus Lupin
94.5%
Remus Lupin
94.5%
Remus Lupin
94.5%
Remus Lupin
94.5%
Remus Lupin
94.5%
% Correct
Remus Lupin
94.5%
Remus Lupin
94.5%
Dudley Dursley
92.6%
Vernon Dursley
92.4%
Vernon Dursley
92.4%
Fred Weasley & Oliver Wood
92.1%
Fred Weasley & Percy Weasley
91.7%
Petunia Dursley
91%
Rubeus Hagrid
90%
Rubeus Hagrid
90%
Rubeus Hagrid
90%
Rubeus Hagrid
90%
George Weasley
89.6%
Minerva McGonagall
89.4%
Minerva McGonagall
89.4%
Marge Dursley
89.2%
Draco Malfoy
88.2%
Peter Pettigrew
88%
Sybill Trelawney
84.7%
Sybill Trelawney
84.7%
Sybill Trelawney
84.7%
Molly Weasley
81.3%
Arthur Weasley
80.4%
Arthur Weasley
80.4%
Cornelius Fudge
79.8%
Cornelius Fudge
79.8%
Cornelius Fudge
79.8%
Stan Shunpike
76.2%
Oliver Wood
69%
Oliver Wood
69%
Oliver Wood
69%
Ernie Prang
63.9%
Tom the Innkeeper
62.4%
Lee Jordan
54.5%
Madam Rosmerta
33.5%

You're not logged in!

Compare scores with friends on all Sporcle quizzes.
OR
Log In

From the Vault

Did It Win Best Picture in the '90s?

by bhenderson79

We're guessing you won't find any Pauly Shore movies here.
Remove Ads.
Support Sporcle.
Get the best of Sporcle when you Go Orange. This ad-free experience offers more features, more stats, and more fun while also helping to support Sporcle. Thank you for becoming a member.

Show Comments

Extras

Top Quizzes Today


Score Distribution

Your Account Isn't Verified!

In order to create a playlist on Sporcle, you need to verify the email address you used during registration. Go to your Sporcle Settings to finish the process.

Report this User

Report this user for behavior that violates our Community Guidelines.

Details: